| 000 | 00502nam a22001697a 4500 | ||
|---|---|---|---|
| 005 | 20231024084225.0 | ||
| 008 | 231024b |||||||| |||| 00| 0 eng d | ||
| 020 | _a0702108197 | ||
| 041 | _aEnglish | ||
| 082 | _a347 JAC | ||
| 100 |
_aJacobs. M _lEnglish |
||
| 245 |
_aThe Law of Arbitration in South Africa / _cM Jacobs |
||
| 260 |
_aCape Town : _bJuta and Company Ltd, _c1997 |
||
| 300 |
_bxxxiv, 225 pages ; _c26 cm. |
||
| 650 |
_aLegal Practice _bLaw |
||
| 942 |
_cBK _6ALISON_B_N__VRIES |
||
| 999 |
_c19 _d19 |
||